Detalles MARC
| 000 -CABECERA |
| campo de control de longitud fija |
01242nam a2200301 i 4500 |
| 001 - NÚMERO DE CONTROL |
| campo de control |
000045484 |
| 003 - IDENTIFICADOR DEL NÚMERO DE CONTROL |
| campo de control |
DO-SdBNP |
| 005 - FECHA Y HORA DE LA ÚLTIMA TRANSACCIÓN |
| campo de control |
20231204100301.0 |
| 007 - CAMPO FIJO DE DESCRIPCIÓN FÍSICA--INFORMACIÓN GENERAL |
| campo de control de longitud fija |
ta |
| 008 - DATOS DE LONGITUD FIJA--INFORMACIÓN GENERAL |
| campo de control de longitud fija |
150409s2002 dr abc 000 0 spa d |
| 040 ## - FUENTE DE LA CATALOGACIÓN |
| Centro catalogador/agencia de origen |
DO-SdBNP |
| Lengua de catalogación |
spa |
| Centro/agencia transcriptor |
BNPHU |
| Normas de descripción |
rda |
| 082 ## - NÚMERO DE LA CLASIFICACIÓN DECIMAL DEWEY |
| Número de documento/Ítem |
H557 |
| Número de edición |
22 |
| 100 ## - ENTRADA PRINCIPAL--NOMBRE DE PERSONA |
| Nombre de persona |
Hernández Tejada, Margarita |
| 9 (RLIN) |
50027 |
| 245 10 - MENCIÓN DE TÍTULO |
| Título |
¡Convivir! 3 : |
| Resto del título |
formación en valores y civismo, nivel medio / |
| Mención de responsabilidad, etc. |
Margarita Hernández Tejada, José Miguel Simón Consuegra ; ilustraciones y fotografías Julio César Martínez, Wermer Olmos. |
| 264 #1 - PRODUCCIÓN, PUBLICACIÓN, DISTRIBUCIÓN, FABRICACIÓN Y COPYRIGHT |
| Producción, publicación, distribución, fabricación y copyright |
Santo Domingo : |
| Nombre del de productor, editor, distribuidor, fabricante |
Susaeta, |
| Fecha de producción, publicación, distribución, fabricación o copyright |
2002. |
| 300 ## - DESCRIPCIÓN FÍSICA |
| Extensión |
134 páginas |
| Otras características físicas |
ilustraciones, mapas, retratos |
| Dimensiones |
28 cm. |
| 336 ## - TIPO DE CONTENIDO |
| Fuente |
rdacontent |
| Término de tipo de contenido |
texto |
| Código de tipo de contenido |
txt |
| 337 ## - TIPO DE MEDIO |
| Fuente |
rdamedia |
| Nombre/término del tipo de medio |
sin mediación |
| Código del tipo de medio |
n |
| 338 ## - TIPO DE SOPORTE |
| Fuente |
rdacarrier |
| Nombre/término del tipo de soporte |
volumen |
| Código del tipo de soporte |
nc |
| 504 ## - NOTA DE BIBLIOGRAFÍA, ETC. |
| Nota de bibliografía, etc. |
Bibliografía : p. 133-134 |
| 505 0# - NOTA DE CONTENIDO CON FORMATO |
| Título |
Unidad 1 |
| -- |
La constitución dominicana -- |
| Información miscelánea |
Unidad 2 |
| Título |
El estado dominicano -- |
| Información miscelánea |
Unidad 3 |
| Título |
Relación de la convivencia en la comunidad y sus instancias -- |
| 590 ## - NOTA LOCAL (RLIN) |
| Nota local |
Inventariado, 2023/ YL |
| 700 12 - PUNTO DE ACCESO ADICIONAL--NOMBRE DE PERSONA |
| Nombre de persona |
Consuegra, José Miguel Simón |
| 9 (RLIN) |
73535 |
| Término indicativo de función/relación |
autor. |
| 700 12 - PUNTO DE ACCESO ADICIONAL--NOMBRE DE PERSONA |
| Nombre de persona |
Martínez, Julio César, |
| Término indicativo de función/relación |
ilustraciones |
| 9 (RLIN) |
1263 |
| 700 12 - PUNTO DE ACCESO ADICIONAL--NOMBRE DE PERSONA |
| Nombre de persona |
Olmos, Wermer, |
| Término indicativo de función/relación |
ilustraciones |
| 9 (RLIN) |
73534 |
| 910 ## - DATOS DE OPCIÓN DEL USUARIO (OCLC) |
| Datos de opción del usuario |
YLockward |
| 942 ## - ELEMENTOS DE PUNTO DE ACCESO ADICIONAL (KOHA) |
| Fuente del sistema de clasificación o colocación |
Dewey Decimal Classification |
| Tipo de ítem Koha |
Libro |